| 000 | 01735nam0a2200385 4500 | ||
|---|---|---|---|
| 001 | RU\NLR\BIBL_A\011913983 | ||
| 005 | 20190128145424.0 | ||
| 010 |
_a978-5-86007-875-8 _9300 |
||
| 021 |
_aRU _bКН-П-18-6941 _9КН-П-18-095719 |
||
| 035 | _a(NLR Aleph) 011913983 | ||
| 035 | _a(RuMoRGB)009838217 | ||
| 090 |
_a10952519 _c10952519 |
||
| 100 | _a20190121d2019 k y0rusy50 ca | ||
| 101 | 0 | _arus | |
| 102 | _aRU | ||
| 105 | _a ch|z|||011zb | ||
| 200 | 1 |
_aВладимир Каппель. Биография эпохи _fН.Ю. Бринюк |
|
| 210 |
_aСанкт-Петербург _cДмитрий Буланин _d2019 [т.е. 2018] |
||
| 215 |
_a719 с., [16] л. ил., портр., факс., цв. ил., факс. _cпортр. _d22 |
||
| 300 | _aНа обороте тит. л.: Кн. приурочена к 100-летию событий Гражд. войны в Поволжье и Сибири | ||
| 300 | _aКн. фактически изд. в 2018 г. | ||
| 320 | _aБиблиогр.: с. 657-675 и в подстроч. примеч. | ||
| 320 | _aАлф. указ. имен: с. 676-705 | ||
| 320 | _aАлф. указ. геогр. назв.: с. 706-719 | ||
| 517 | 1 | _aБиография эпохи | |
| 600 | 1 |
_aКаппель _bВ.О. _gВладимир Оскарович _f1883 - 1920 _2nlr_sh1 _2nlr_sh2 _3RU\NLR\AUTH\661367205 |
|
| 686 | 1 | _aТ3(2)712.9-497 | |
| 686 | 1 | _aЦ35(2)712-4,2дКаппель | |
| 700 | 1 |
_aБринюк _bН.Ю. _gНадежда Юрьевна |
|
| 702 | 1 |
_aКаппель _bВ. О. _f1883-1920 _gВладимир Оскарович _4570 |
|
| 942 | _cBOOK | ||
| 980 | _aNBR | ||
| 980 | _aNB | ||